Statistički godišnjak Jugoslavije 1981

Gespeichert in:
Bibliographische Detailangaben
Format: Buch
Sprache:Serbisch
Veröffentlicht: Beograd Savezni zavod za statistiku 1981
Tags: Tag hinzufügen
Keine Tags, Fügen Sie das erste Tag hinzu!

MARC

LEADER 00000nam a2200000 4500
001 c134713
005 20250701083631.7
041 0 |a srp 
044 |a YU 
245 1 0 |a Statistički godišnjak Jugoslavije 1981 
264 1 |a Beograd  |b Savezni zavod za statistiku  |c 1981 
300 |a 767 s.  |e príl.